Family of Muthalif Vaithiyar as on 01.01.2009 (Record no. 4858)

MARC details
000 -LEADER
fixed length control field 00553nam a22001937a 4500
003 - CONTROL NUMBER IDENTIFIER
control field LK-CoMWRAF
005 - DATE AND TIME OF LATEST TRANSACTION
control field 20240315141506.0
008 - FIXED-LENGTH DATA ELEMENTS--GENERAL INFORMATION
fixed length control field 240311b2009 |||||||| |||| 00| 0 eng d
040 ## - CATALOGING SOURCE
Original cataloging agency LK-CoMWRAF
Modifying agency LK-CoMWRAF
Description conventions LK-CoMWRAF
082 ## - DEWEY DECIMAL CLASSIFICATION NUMBER
Classification number 929
Item number FAM
942 ## - ADDED ENTRY ELEMENTS (KOHA)
Koha item type Books
700 ## - ADDED ENTRY--PERSONAL NAME
Personal name Razmy, A. Mohamed
Relator Term compiler
700 ## - ADDED ENTRY--PERSONAL NAME
Personal name Ahamad, A.J. Sabry
Relator Term compiler
700 ## - ADDED ENTRY--PERSONAL NAME
Personal name Musfique, M.M. Mohamed
Relator Term compiler
245 ## - TITLE STATEMENT
Title Family of Muthalif Vaithiyar as on 01.01.2009
260 ## - PUBLICATION, DISTRIBUTION, ETC. (IMPRINT)
Place of publication, distribution, etc. [Dehiwala]:
Name of publisher, distributor, etc. [Author],
Date of publication, distribution, etc. 2009
300 ## - PHYSICAL DESCRIPTION
Extent 17 p.
650 ## - SUBJECT ADDED ENTRY--TOPICAL TERM
Topical term or geographic name as entry element MUSLIM FAMILIES-Sri Lanka
Holdings
Withdrawn status Lost status Damaged status Not for loan Permanent Location Current Location Date acquired Full call number Barcode Koha item type
        Resource center, Muslim Women's Research And Action Forum Resource center, Muslim Women's Research And Action Forum 2024-03-11 929 FAM RAF5198 Books
        Resource center, Muslim Women's Research And Action Forum Resource center, Muslim Women's Research And Action Forum 2024-05-27 929 FAM RAF5266 Books

Copyright © 2023 Muslim Women's Research and Action Forum (MWRAF), No 27/3, Anderson Road, Kalubowila, Dehiwela. Funded by The Asia Fundation